Journal of applied economics (Registro nro. 8633)
[ vista simple ]
| 000 -LEADER | |
|---|---|
| fixed length control field | 01665nas a2200277 454500 |
| 001 - CONTROL NUMBER | |
| control field | 28044 |
| 005 - DATE AND TIME OF LATEST TRANSACTION | |
| control field | 20260407193507.0 |
| 008 - FIXED-LENGTH DATA ELEMENTS--GENERAL INFORMATION | |
| fixed length control field | 260407s1998####ag###########|||spa#d |
| 003 - CONTROL NUMBER IDENTIFIER | |
| control field | AR-UNSa-BCEJYS |
| 040 ## - CATALOGING SOURCE | |
| Original cataloging agency | AR-UNSa-BCEJYS |
| Language of cataloging | spa |
| Transcribing agency | AR-UNSa-BCEJYS |
| 080 ## - UNIVERSAL DECIMAL CLASSIFICATION NUMBER | |
| Universal Decimal Classification number | 338 |
| Common auxiliary subdivision | Situación económica. Política económica. Gestión de la economía. Planificación de la economía. Producción. Servicios. Precios |
| 022 ## - INTERNATIONAL STANDARD SERIAL NUMBER | |
| International Standard Serial Number | 1514-0326 |
| 100 1# - MAIN ENTRY--PERSONAL NAME | |
| Personal name | Rodríguez, Carlos A. |
| 245 10 - TITLE STATEMENT | |
| Title | Journal of applied economics |
| 264 #1 - PRODUCTION, PUBLICATION, DISTRIBUTION, MANUFACTURE, AND COPYRIGHT NOTICE | |
| Place of production, publication, distribution, manufacture | Buenos Aires : |
| Name of producer, publisher, distributor, manufacturer | CEMA |
| Date of production, publication, distribution, manufacture, or copyright notice | 1998 |
| 310 ## - CURRENT PUBLICATION FREQUENCY | |
| Current publication frequency | Frecuencia: Semestral |
| 520 ## - SUMMARY, ETC. | |
| Summary, etc. | Journal of Applied Economics. Publicado en inglés dos veces por año (mayo y noviembre) por la Universidad del CEMA (Argentina). El editor es Carlos A. Rodríguez. Contiene contribuciones originales sobre temas de economía aplicada. Se distribuye en 32 países. Los artículos abarcan diversos tópicos: Organización Industrial, Economía Internacional, Finanzas, Crecimiento, Finanzas Públicas, Economía Política, Economía Ambiental. Los autores son: 34 % de Estados Unidos, 26 % de Europa, 25 % de Latinoamérica y 15 % de otros países. La selección de los artículos se hace en base a informes de referees nacionales y extranjeros y tiene que ver con la calidad del trabajo. |
| 590 ## - LOCAL NOTE (RLIN) | |
| Local note | niveau_biblio:s niveau_hierar:1 |
| 650 ## - SUBJECT ADDED ENTRY--TOPICAL TERM | |
| Topical term or geographic name entry element | Mercado financiero |
| 650 ## - SUBJECT ADDED ENTRY--TOPICAL TERM | |
| Topical term or geographic name entry element | Política económica |
| 650 ## - SUBJECT ADDED ENTRY--TOPICAL TERM | |
| Topical term or geographic name entry element | Investigación económica |
| 650 ## - SUBJECT ADDED ENTRY--TOPICAL TERM | |
| Topical term or geographic name entry element | Macroeconomía |
| 700 1# - ADDED ENTRY--PERSONAL NAME | |
| Personal name | Universidad del CEMA |
| 856 41 - ELECTRONIC LOCATION AND ACCESS | |
| Uniform Resource Identifier | <a href="https://biblioeco.unsa.edu.ar/pmb/images/revistas/Journal of applied Economics-r13617.jpg">https://biblioeco.unsa.edu.ar/pmb/images/revistas/Journal of applied Economics-r13617.jpg</a> |
| Link text | Imagen de portada |
| Electronic format type | image/jpeg |
| 942 ## - ADDED ENTRY ELEMENTS (KOHA) | |
| Koha item type | |
| Withdrawn status | Lost status | Damaged status | Not for loan | Home library | Current library | Shelving location | Date acquired | Serial enumeration / chronology | Total checkouts | Full call number | Barcode | Date last seen | Price effective from | Koha item type |
|---|---|---|---|---|---|---|---|---|---|---|---|---|---|---|
| Biblioteca Prof. Eusebio Cleto del Rey | Biblioteca Prof. Eusebio Cleto del Rey | 01/05/2001 | Vol. 4, Nº 1 - mayo 2001 | H338 JOU v4.n1 | R21156 | 10/04/2026 | 10/04/2026 | Numero | ||||||
| Biblioteca Prof. Eusebio Cleto del Rey | Biblioteca Prof. Eusebio Cleto del Rey | 01/11/2000 | Vol. 3, Nº 2 - nov. 2000 | H338 JOU v3.n2 | R13623 | 10/04/2026 | 10/04/2026 | Numero | ||||||
| Biblioteca Prof. Eusebio Cleto del Rey | Biblioteca Prof. Eusebio Cleto del Rey | 01/05/2000 | Vol. 3, Nº 1 - mayo 2000 | H338 JOU v3.n1 | R13622 | 10/04/2026 | 10/04/2026 | Numero | ||||||
| Biblioteca Prof. Eusebio Cleto del Rey | Biblioteca Prof. Eusebio Cleto del Rey | 01/11/1999 | Vol. 2, Nº 2 - nov. 1999 | H338 JOU v2.n2 | R13621 | 10/04/2026 | 10/04/2026 | Numero | ||||||
| Biblioteca Prof. Eusebio Cleto del Rey | Biblioteca Prof. Eusebio Cleto del Rey | 01/05/1999 | Vol. 2, Nº 1 - mayo 1999 | H338 JOU v2.n1 | R13620 | 10/04/2026 | 10/04/2026 | Numero | ||||||
| Biblioteca Prof. Eusebio Cleto del Rey | Biblioteca Prof. Eusebio Cleto del Rey | 01/11/1998 | Vol. 1, Nº 2 - nov. 1998 | H338 JOU v1.n2 | R13619 | 10/04/2026 | 10/04/2026 | Numero | ||||||
| Biblioteca Prof. Eusebio Cleto del Rey | Biblioteca Prof. Eusebio Cleto del Rey | 01/11/1998 | Vol. 1, Nº 1 - nov. 1998 | H338 JOU v1.n1 | R13617 | 10/04/2026 | 10/04/2026 | Numero |